Представление документа в формате RUSMARC

ПолеНазваниеЗначение
  Тип записи a
  Библиографический уровень m
001 Контрольный номер SKBR/ea1f1685-a5dd-45a0-bd85-07eac9f8e432
005 Дата корректировки 20260604123204.6
010 Индекс ISBN __
a ISBN 978-5-91187-515-2
9 Тираж 1500 экз.
b Уточнения в пер.
035 Другие системные номера __
a Идентификатор записи RU\NLR\BIBL_A\022647864
100 Данные общей обработки __
a Данные общей обработки 20251020d2025 ma y0rusy028902 ca
101 Язык документа 0_
a Язык текста rus
102 Страна публикации __
a Страна публикации RU
105 Кодированные данные (монография) __
a Кодированные данные (монография) a z 000yy
181 Поле кодированных данных: вид содержания _0
a Код вида содержания (ISBD) i
182 Поле кодированных данных: тип средства _0
a Код типа средства (ISBD) n
200 Заглавие и сведения об ответственности 1_
a Заглавие Основы лоскутной техники
e Сведения, относящиеся к заглавию приемы шитья и аппликации
e Сведения, относящиеся к заглавию [руководство]
f Первые сведения об ответственности Ирина Костикова
g Последующие сведения об ответственности вступительная статья Ю. Б. Ивановой ; [иллюстрации И. Ю. Костиковой, Ю. Б. Ивановой]
203 Вид содержания и тип средства __
a Вид содержания Текст
a Вид содержания Изображение
b Характеристика содержания двухмерное
b Характеристика содержания неподвижное
c Тип средства непосредственные
210 Выходные данные 1_
a Место издания Москва
c Издательство Бослен
d Дата издания 2025
215 Физическое описание __
a Объем 174, [1] с.
c Иллюстрации/тип воспроизводства ил., цв. ил., фот. цв.
d Формат 24 см
225 Серия 1_
a Серия Традиции мастерства
330 Аннотация __
a Аннотация Книга Ирины Костиковой "Основы лоскутной техники. Приемы шитья и аппликации" - подробное руководство для всех, кто осваивает лоскутное шитье, а также для педагогов и мастеров, стремящихся передать традиции ремесла. Подробно рассмотрены этапы работы над изделием: создание эскиза, подбор и подготовка тканей, раскрой, сборка, отделка. Особое внимание уделено разнообразию лоскутных схем - от классических до комбинированных мотивов, а также видов аппликаций и объемных элементов.
333 Примечание о целевом назначении __
a Примечание о целевом назначении 12+. Для детей старше 12 лет
517 Другие варианты заглавия 1_
a Другие варианты заглавия Приёмы шитья и аппликации
540 Дополнительное заглавие, сделанное каталогизатором 10
a Дополнительное заглавие, сделанное каталогизатором Приемы шитья и аппликации
606 Тематические рубрики __
2 Код системы nlr_sh
a Основная рубрика Легкая промышленность
606 Тематические рубрики __
2 Код системы nlr_sh
a Основная рубрика Швейное производство
610 Ключевые слова 0_
a Ключевые слова лоскутная техника
610 Ключевые слова 0_
a Ключевые слова швейное дело
610 Ключевые слова 0_
a Ключевые слова шитье
610 Ключевые слова 0_
a Ключевые слова шитье-аппликация
610 Ключевые слова 0_
a Ключевые слова приемы шитья
610 Ключевые слова 0_
a Ключевые слова техники шитья
610 Ключевые слова 0_
a Ключевые слова лоскутная мозаика
610 Ключевые слова 0_
a Ключевые слова лоскутное шитье
610 Ключевые слова 0_
a Ключевые слова лоскутные технологии
610 Ключевые слова 0_
a Ключевые слова рукоделие
610 Ключевые слова 0_
a Ключевые слова технологии лоскутного шитья
610 Ключевые слова 0_
a Ключевые слова лоскутные схемы
610 Ключевые слова 0_
a Ключевые слова аппликации по ткани
610 Ключевые слова 0_
a Ключевые слова аппликации
610 Ключевые слова 0_
a Ключевые слова ткани (текстиль)
610 Ключевые слова 0_
a Ключевые слова схемы шитья
610 Ключевые слова 0_
a Ключевые слова секторное шитье
610 Ключевые слова 0_
a Ключевые слова витражное шитье
610 Ключевые слова 0_
a Ключевые слова аппликации из ткани
610 Ключевые слова 0_
a Ключевые слова ручное шитье
686 Индексы других классификаций __
2 Код системы rubbks
a Классификационный индекс 37.248.1; ст37.248
700 Автор _1
a Фамилия Костикова
b Имя И. Ю.
g Полное личное имя Ирина Юрьевна
4 Код отношения 070
4 Код отношения 440
702 Вторичная интеллектуальная ответственность _1
a Фамилия Иванова
b Имя Ю. Б.
g Полное личное имя Юлия Борисовна
4 Код отношения 080
4 Код отношения 440
801 Источник записи _0
a Страна RU
b Организация NLR
c Дата составления 20251020
g Правила каталогизации PSBO
801 Источник записи _1
a Страна RU
b Организация NLR
c Дата составления 20251020
g Правила каталогизации PSBO
801 Источник записи _2
a Страна RU
b Организация NLR
c Дата составления 20251101
2 Код формата rusmarc
g Правила каталогизации PSBO
852 Данные о местонахождении __
i Авторский знак К 72
j Шифр хранения 37.248.1
901 Тип документа __
a Ответственный ООФиК/Губина
t Тип документа m
901 Тип документа __
a Ответственный без партии
903 Характеристики (МАРС) __
a Дата передачи 20260603
c Наименование библиотеки (МАРС) Муниципальное бюджетное учреждение культуры "Централизованная библиотечная система" г. Сургут (Центральная городская библиотека им. А. С. Пушкина)
969 Тип издания __
a Тип издания Ф 26
a Тип издания издание для досуга